| 000 | 00612nam a22001937a 4500 | ||
|---|---|---|---|
| 005 | 20250106151815.0 | ||
| 010 | _aENG-143153 | ||
| 020 |
_c995.00 _a9788195321964 |
||
| 035 | _aEN-126685 | ||
| 037 | _bDBAD | ||
| 082 | _a921 | ||
| 100 |
_aRavinder Kumar _975904 |
||
| 245 |
_aBuilders of Modern India: _bK.B. Hedgewar/ _cBy Dr. Ravinder Kumar |
||
| 260 |
_aShahdara _bKeshav Books _c2021 |
||
| 270 |
_aF-7, Gali No.1, 3rd Floor Panchsheel Garden Extn. Naveen Shahdara _b Delhi _e110032 _mkeshavbooks@gmail.com |
||
| 300 |
_a298p. _c23cm(hb) |
||
| 700 | _975806 | ||
| 942 |
_2ddc _cEN _h921 _mRAV |
||
| 999 |
_c208080 _d208080 |
||